UK Birds of Prey - Statistics

General Stats
  • This quiz has been taken 31 times
  • The average score is 9 of 18
Answer Stats
Picture Answer % Correct
Red Kite
96%
Common Kestrel
65%
Eurasian Sparrowhawk
65%
Hen Harrier (male)
65%
Peregrine Falcon
65%
Western Marsh Harrier
61%
Hobby
57%
Montagu's Harrier (male)
57%
Golden Eagle
52%
White-tailed Eagle
52%
Eurasian Goshawk
48%
Red-footed Falcon
48%
Merlin
43%
Black Kite
39%
Common Buzzard
35%
Hen Harrier (female)
35%
Rough-legged Buzzard
35%
montagu's harrier female
22%
No matching quizzes found
Score Distribution
Percent of People with Each Score
Percentile by Number Answered
Your Score History
You have not taken this quiz